[Event "80th Tata Steel GpA"]
[Site "Wijk aan Zee NED"]
[Date "2018.01.14"]
[Round "2.1"]
[White "Adhiban, Baskaran"]
[Black "Carlsen, Magnus"]
[Result "0-1"]
[WhiteElo "2655"]
[BlackElo "2834"]
[PlyCount "72"]
[EventDate "2018.01.13"]

1. e4 e5 2. Nf3 Nc6 3. Nc3 Nf6 4. d4 exd4 5. Nxd4 Bb4 6. Nxc6 bxc6 7. Bd3 d5 8.
exd5 O-O 9. O-O cxd5 10. Bg5 c6 11. Qf3 Bd6 12. Rae1 Rb8 13. b3 (13. Nd1 h6 14.
Bxf6 Qxf6 15. Qxf6 gxf6 {½-½ Efimenko,Z (2689)-Nikolic,P (2638) Valjevo 2012}
) 13... a5 $146 (13... h6 14. Bxf6 Qxf6 15. Qxf6 gxf6 16. Ne2 c5 17. Ng3 {
½-½ Mohr,G (2495)-Leventic,I (2448) Bol 2013}) 14. h3 h6 15. Bxf6 Qxf6 16.
Qxf6 gxf6 17. Ne2 c5 18. Ng3 Rd8 19. Nf5 Bf8 20. Ne7+ Bxe7 21. Rxe7 Be6 22. Rd1
c4 23. Be2 a4 24. bxa4 Bf5 25. Bf3 $2 ({After} 25. c3 {it's White who is
slightly better.}) 25... d4 26. a5 $2 {Just two mistakes and White is lost.} ({
A long computer variation goes} 26. Re2 Rb2 27. Red2 d3 28. cxd3 c3 29. Rxb2
cxb2 30. Rb1 Rb8 31. Be4 Be6 32. a5 Bxa2 33. Rxb2 Rxb2 34. a6 Rb1+ 35. Kh2 Ra1
36. a7 Bd5 37. Bxd5 Rxa7 38. g4 {which is probably a draw.}) 26... Bxc2 27. Rc1
Rb1 $1 28. Rxb1 Bxb1 29. Rc7 c3 30. Bd1 Ra8 31. Rc5 Bxa2 32. Bc2 Be6 33. Kf1
Rc8 34. Rxc8+ Bxc8 35. Ke2 Ba6+ 36. Kf3 d3 0-1

[Event "80th Tata Steel GpA"]
[Site "Wijk aan Zee NED"]
[Date "2018.01.14"]
[Round "2.2"]
[White "Giri, Anish"]
[Black "Kramnik, Vladimir"]
[Result "1-0"]
[WhiteElo "2752"]
[BlackElo "2787"]
[Annotator "Bojkov, Dejan"]
[PlyCount "69"]
[EventDate "2018.01.13"]

1. c4 e6 2. Nc3 Bb4 {A pet line of the Lithuanian GM Rozentalis. Giri was
happy that Kramnik deviated from his superb opening preparation, but not for
long...} 3. Qb3 Ba5 ({Also possible is} 3... a5 4. a3 Bxc3 5. Qxc3 Nf6 6. b3
O-O 7. Bb2 d6 8. e3 e5 {building a wall on the dark squares as in Aronian,L 
(2785) -Riazantsev,A (2671) Sharjah 2017}) 4. Nf3 c5 5. d4 $146 {Move number
five and already a novelty.} ({The position is fresh though; the only other
test so far saw} 5. g3 Nf6 6. Bg2 Nc6 7. O-O O-O 8. d3 d6 9. e4 h6 10. h3 e5 {
with complex game, Bezman,V (2395)-Jascenko,O (2180) St Petersburg 1994}) 5...
Nf6 6. dxc5 Na6 7. Be3 Ne4 {Now the game finally enters Nimzo-Indian waters.}
8. g3 Naxc5 9. Qc2 {But it's Nimzo-Indian that's favorable for Black, as "he
somehow tricked me in the opening to move the queen twice Qd1-b3-c2." (Giri)}
Bxc3+ {Sooner or later Black will play this, but he could have also started
with either} (9... d6) ({or} 9... b6) 10. bxc3 b6 11. Bg2 Bb7 12. O-O O-O 13.
Rfd1 {The opening was a big success for the 14th world champion. All his light
pieces are excellent, while the white pawns on the queenside are obvious
targets.} Qe7 ({Giri was seriously afraid of} 13... Qc7 $1 {which would have
prevented his plan. "I was hoping for a draw here."}) 14. a4 $1 {Now the Dutch
GM not only removes one of his weaknesses but he creates a weakness on
Kramnik's camp too.} d6 15. a5 f5 {Inaccurate.} ({Correct was to drop the
knight at once in order to oppose the light-squared bishop with} 15... Nf6 $1 {
An additional bonus is that White cannot attack the b-pawn easily either:} 16.
Rdb1 $2 ({If White plays in a similar way as in the game} 16. Nd4 {then} Bxg2
17. Kxg2 Ng4 {followed by Ng4-e5 allows Black a chance to attack the weakness
on c4 at once.}) 16... Be4 {since the e4 square is effectively used by the
bishop too.}) 16. axb6 axb6 17. Nd4 Nf6 18. Bxb7 Nxb7 {Forced.} (18... Qxb7 19.
Rxa8 Rxa8 20. Nb5 {drops the pawn on d6.}) 19. Rxa8 Rxa8 20. Nb5 {The white
pawns are still horrible but he got plenty of activity to compensate for it.} (
20. Qb3 {was less convincing after} Ng4 21. Bc1 ({The pawn is not worth the
crippled strcuture after} 21. Qxb6 Nxe3 22. fxe3) 21... Ne5) 20... Rc8 ({
Instead} 20... Nd7 $1 {would not save the pawn due to the small trick} 21. Nxd6
({Therefore} 21. Bf4 $5 {might be more interesting in order to develop the
initiative.}) (21. Qd2 Ne5 22. Nxd6 Nxd6 23. Qxd6 Qxd6 24. Rxd6 Nxc4 25. Rxe6
Rc8 {transposes.}) 21... Nxd6 22. Qd3 {True, if we continue the line a bit} Ne5
23. Qxd6 Qxd6 24. Rxd6 Nxc4 25. Rxe6 Rc8 {transposes.} 26. Re7 (26. Bd4 $2 {
self-traps the rook} Kf7) 26... Kf8 27. Rb7 Nxe3 28. fxe3 Rxc3 {we see that it
should all end peacefully.}) 21. Qa2 ({Also promising for White looks} 21. Bxb6
Rxc4 22. Ra1 Rc8 23. Ra7) 21... d5 {Not the move that Kramnik wanted to make,
but there is nothing else.} ({Not} 21... Rc6 $2 22. Qa8+ Kf7 23. Ra1 {and
White wins.}) 22. Bg5 {Mounts pressure against the pawns.} ({Both} 22. Qa7) ({
Or} 22. Bxb6 {were promising as well.}) 22... Rxc4 ({White is clearly better
after} 22... dxc4 23. Qa7) 23. Qa8+ (23. Bxf6 gxf6 24. Qa6 Qd7 {hsould be
holdable for Black.}) 23... Kf7 $3 {"Brilliant!" (Giri)} ({The Dutch GM was
hoping for} 23... Nd8 24. Bxf6 Qxf6 25. Rxd5 $1 exd5 26. Qxd5+ {which will
help him regain the material with interest. Now} Qf7 {is definitely not great
due to} 27. Qxd8+ Qf8 28. Qd5+ Qf7 29. Qxf7+ Kxf7 30. Nd6+ {Hm , weren't we
playing chess, rather then checkers?}) 24. Ra1 {Good that White has strong
pressure along the a-file no matter what.} ({Obviously Giri saw from afar the
trick} 24. Qxb7 Qxb7 25. Nd6+ {but here he finished the line} Ke7 26. Nxb7 Rc7
{and the conclusions did not thrill him...}) 24... Na5 25. Qb8 Rc6 {Both
players were down to five minutes on their clocks and as we know it, it is way
easier to attack than to defend when low on time.} ({Stronger was} 25... Nc6
26. Qxb6 Kg6 27. Bxf6 Kxf6 28. Ra8 {with good chances to hold.}) 26. Nd4 Rxc3 {
Brave, daring, or reckless?} ({More resilient was} 26... Rd6 27. Nf3 Qd8 ({
But not} 27... Kg6 28. Ne5+ $1 Kxg5 29. Qxd6 Qxd6 30. Nf7+ Kg6 31. Nxd6) 28.
Ne5+ Kf8 29. Qa7 Qe7 {and I do not see anything decisive for White.}) 27. Qxb6
Nc4 28. Qb8 Nd7 $2 {A blunder, which loses on the spot.} ({The only chance was:
} 28... Ra3 $1 {although then White still has huge attack with} 29. Rb1 Qe8 30.
Rb7+ Kg6 {with a choice between promisng endgame with} 31. Qxe8+ ({Or attack
after} 31. Qc7 $5) 31... Nxe8 32. Nxe6) 29. Bxe7 Nxb8 30. Bb4 $1 {All of a
sudden, the rook is trapped.} e5 31. Ra7+ Kg8 (31... Kf6 32. Bxc3 exd4 33.
Bxd4+) 32. Bxc3 exd4 33. Bxd4 Nc6 34. Rxg7+ Kf8 35. Bf6 1-0

[Event "80th Tata Steel GpA"]
[Site "Wijk aan Zee NED"]
[Date "2018.01.14"]
[Round "2.4"]
[White "Hou, Yifan"]
[Black "Mamedyarov, Shakhriyar"]
[Result "0-1"]
[WhiteElo "2680"]
[BlackElo "2804"]
[PlyCount "96"]
[EventDate "2018.01.13"]

1. e4 e6 2. d4 d5 3. Nc3 Bb4 4. exd5 exd5 5. Bd3 Nc6 6. a3 Ba5 7. Nge2 Nge7 8.
O-O O-O 9. Bg5 (9. Ng3 Nxd4 10. Bxh7+ Kxh7 11. Qxd4 c6 12. Re1 Nf5 13. Qd3 Qf6
{Alekseev,E (2616)-Akobian,V (2647) Riadh 2017}) 9... f6 10. Be3 Bf5 11. Nf4
$146 (11. Ng3 Bxd3 12. Qxd3 Qd7 13. Nce2 Nd8 14. b4 Bb6 15. a4 c6 16. a5 Bc7
17. Bf4 Nf7 {Gengler,P (2195)-Laurent,B (2359) Heraklio 2007}) 11... Bxc3 12.
bxc3 Qd7 13. c4 Bxd3 14. Qxd3 Rad8 15. Rab1 b6 16. Rb5 dxc4 17. Qxc4+ Rf7 18.
Rd1 Na5 19. Qd3 c6 20. Rbb1 Qf5 21. a4 g5 22. Nh5 Qxd3 23. Rxd3 Nd5 24. Bd2 Nc4
25. Re1 h6 26. h4 Kh7 27. g4 gxh4 28. Re6 Rd6 29. Rxd6 Nxd6 30. f3 f5 31. Be1
a5 32. Bxh4 b5 33. Ra3 Nc4 34. Ra1 fxg4 35. fxg4 Nde3 36. Nf6+ Kg6 37. d5 cxd5
38. axb5 Rxf6 39. Bxf6 Kxf6 40. c3 Ke6 41. b6 Kd7 42. Rb1 Kc8 43. b7+ Kb8 44.
Kf2 a4 45. Ke2 a3 46. Kd3 Nxg4 47. Kd4 Nd2 48. Rb4 a2 0-1

[Event "80th Tata Steel GpA"]
[Site "Wijk aan Zee NED"]
[Date "2018.01.15"]
[Round "3.3"]
[White "Jones, Gawain C B"]
[Black "Adhiban, Baskaran"]
[Result "1-0"]
[WhiteElo "2640"]
[BlackElo "2655"]
[PlyCount "109"]
[EventDate "2018.01.13"]

1. e4 e6 2. d4 d5 3. Nd2 c5 4. exd5 Qxd5 5. dxc5 Qxc5 (5... Bxc5 6. Ngf3 Nf6 7.
Bc4 Qc6 8. Qe2 O-O 9. Nb3 Nbd7 10. Bf4 Bd6 11. Nbd4 Qb6 {Naiditsch,A (2705)-Le,
Q (2737) Riadh 2017}) 6. Ngf3 Nf6 7. Bd3 Nbd7 8. Qe2 Qc7 9. c3 Be7 10. O-O b6
11. Ne4 O-O 12. Bg5 Bb7 13. Bh4 Qf4 14. Bg5 Qc7 15. Rad1 Rfd8 $146 (15... Rfe8
16. Nxf6+ Bxf6 17. Bb5 Red8 18. Rxd7 Rxd7 19. Bxf6 gxf6 20. Bxd7 Qxd7 21. Rd1
Qc7 {Ducarmon,Q (2488)-Peralta,F (2582) Sitges 2014}) 16. Rfe1 Rac8 17. Bh4 Qf4
18. Bg3 Qg4 19. Nxf6+ Bxf6 20. Ba6 Bxa6 21. Qxa6 Nc5 22. Rxd8+ Rxd8 23. Qxa7
Nd3 24. h3 Qc4 25. Rd1 h5 26. Qxb6 Qxa2 27. Ne5 Qxb2 28. Qc7 Rf8 29. Nd7 Qe2
30. Ra1 Qb2 31. Ra7 Bd8 32. Qd6 Qb1+ 33. Kh2 Re8 34. Qc6 h4 35. Nf6+ Bxf6 36.
Qxe8+ Kh7 37. Qxf7 hxg3+ 38. fxg3 Qb8 39. Qxf6 Qxa7 40. Qh4+ Kg8 41. Qd8+ Kf7
42. Qxd3 Qc5 43. h4 e5 44. g4 g6 45. Qf3+ Kg7 46. g5 Qc4 47. Qb7+ Kg8 48. Qb4
Qd5 49. Qb8+ Kf7 50. Qa7+ Ke6 51. Qa6+ Kf5 52. Kg3 Qd1 53. Qf6+ Ke4 54. Qf3+
Qxf3+ 55. gxf3+ 1-0

[Event "80th Tata Steel GpA"]
[Site "Wijk aan Zee NED"]
[Date "2018.01.15"]
[Round "3.5"]
[White "Anand, Viswanathan"]
[Black "Caruana, Fabiano"]
[Result "1-0"]
[WhiteElo "2767"]
[BlackElo "2811"]
[Annotator "Bojkov, Dejan"]
[PlyCount "83"]
[EventDate "2018.01.13"]

1. e4 e5 2. Nf3 Nf6 3. Nxe5 d6 4. Nf3 Nxe4 5. d4 d5 6. Bd3 Bd6 7. O-O O-O 8. c4
c6 9. Qc2 {"Funnily enough this is the first time someone plays this against
him." (Anand)} ({Indeed, Caruana's latest game from London saw:} 9. Re1 Bf5 10.
Qb3 Qd7 11. Nc3 Nxc3 12. Bxf5 Qxf5 13. Qxb7 Qd7 14. Qxd7 Nxd7 15. c5 Bxh2+ 16.
Nxh2 Ne4 {Vachier Lagrave,M (2789)-Caruana,F (2799) London 2017}) 9... Na6 10.
a3 Bg4 11. Ne5 Bf5 12. b4 ({Avoiding the rather uninspiring:} 12. Nc3 Bxe5 13.
dxe5 Nac5 14. cxd5 cxd5 {1/2-1/2 (14) Piorun,K (2631)-Wei,Y (2728)
Khanty-Mansiysk 2017}) 12... Nc7 $146 {As usual Caruana is very well prepared
in the opening. He comes up with an interesting novelty.} ({In the predecessor
White did not achieve much after} 12... f6 13. Nf3 Bg6 14. Nc3 Nxc3 15. Bxg6
hxg6 16. Qxc3 dxc4 17. Qxc4+ Rf7 {Leko,P (2740) -Ivanchuk,V (2729) Monte Carlo
2006}) 13. f3 (13. cxd5 {allows an additional resource for Black:} cxd5 14. f3
Rc8 $1 {with the main point being} 15. fxe4 dxe4 16. Rxf5 Ne6 17. Qd1 Nxd4 18.
Bxe4 $2 Rxc1 $1) 13... Bg6 $1 {"He came up with this idea which I idea missed
or did not prepare." (Anand)} ({Apprently, the former world champion spent
most of his preparation on the line} 13... Bxe5 14. dxe5 Bg6 {where he cannot
win the knight with} 15. fxe4 $2 ({But instead White has a couple of promising
options:} 15. Rd1 $5) ({or} 15. Be3 $5) 15... dxe4 16. Be2 Qd4+) 14. c5 {
After long thought White rejects the offer.} ({In the line:} 14. Nxg6 fxg6 $1
15. fxe4 ({Even worse is} 15. c5 Bxh2+ 16. Kxh2 Qh4+ 17. Kg1 Ng3 18. Bb2 {
when Black has a guaranteed draw with} Qh1+ ({Or may chose the even stronger} 
18... Ne6 $1 {followed by Ne6-f4. (Anand)}) 19. Kf2 Qh4) 15... Qh4 {(Anand)} ({
Objectively} 15... dxe4 $1 {is stronger with the key idea} 16. Bxe4 ({Better is
} 16. Rxf8+ Bxf8 17. Bxe4 Qxd4+ {with perpetual.} 18. Kf1 Qf6+ ({But Black may
also chose to play on with} 18... Qxa1 19. Bb2 Qa2 20. Bd3 Bxb4 21. axb4 Rd8)
19. Kg1 Qd4+ {with perpetual.}) 16... Bxh2+ 17. Kxh2 Rxf1 {and Black wins.})
16. g3 Bxg3 17. hxg3 (17. Qg2 $1 {might have been missed by Anand.}) 17...
Qxg3+ 18. Kh1 {The Indian GM explained that here Black will always find
perpetual, but one wrong move for White, or rather one missed move might lead
to a loss for him. Indeed, Black seems to have decisive attack after} Qh3+ 19.
Kg1 Ne6 $1) 14... Bxe5 15. dxe5 Ng5 16. Bb2 $1 {An important move. There is a
problem with the knight on g5 and White wants to capitalize on it. Now the
advance of the f-pawn is on the agenda. Caruana needs to react fast.} ({After} 
16. Nd2 Bxd3 17. Qxd3 f5 $1 {Black manages to seal the kingside and arrange an
excellent oupost for his knight on e6.}) 16... d4 $5 {This is how to solve the
problem- no knight, no problem as some will say...} ({Here} 16... Bxd3 17. Qxd3
f5 {would be met with the simple} ({Anand expected instead} 17... b6 18. cxb6
axb6 19. Nd2 Nge6 20. f4 {and now} g6 21. f5 gxf5 22. Rxf5 Qh4 {although this
definitely looks very risky for Black.} (22... Kg7)) 18. exf6 {spoiling
Black's pawn structure.}) 17. f4 Nd5 18. fxg5 Ne3 19. Qd2 Bxd3 20. Qxd3 ({
White also checked the consequeces of the sharp} 20. Rf4 Bxb1 ({But later came
to the conclusion he did well not to enter them because of} 20... Qxg5 $1 21.
Rxd4 Rad8 22. Rd6 Be4 (22... Qf5 $1 {is even stronger with advantage for Black.
})) 21. Rxd4 Nd5 22. Rxb1 {"It's not much of a pawn, but it is a pawn" (Anand)}
) 20... Nxf1 21. Kxf1 Qxg5 22. Nd2 Qxe5 {The forced play is over. Caruana will
have a rook and a pawn versus two light pieces which is favorable for White in
this particular position.} 23. Nf3 ({Later on Anand regretted that he did not
go for the line that he originally intended:} 23. Nc4 $1 Qxh2 24. Qxd4 f6 ({Or
} 24... Qh6 25. Nd6) 25. Nd6 {The knight on d6 is a monster which paralizes
both the black rooks.}) 23... Qh5 24. Qxd4 f6 25. Qc4+ Kh8 $1 ({White was
hoping for} 25... Qf7 26. Qxf7+ Rxf7 27. Nd2 {followed by Nd2-c4-d6 (Anand)})
26. Bc1 $1 {The bishop was blunted on the long diagonal. Now it gets back in
business. The d6 square is tempting for either of the white light pieces.} Rfe8
27. Bf4 a5 {Somewhere around here Caruana lost the path.} ({Correct and
obvious was:} 27... Qf5 28. Bd6 Re3 {to double the rooks on the open file.
After} 29. Kg1 Rae8 30. Rf1 Qg6 {Black should be OK.(Anand)}) 28. Bd6 ({
White considered} 28. bxa5 {as well, which seems less promising after} Rxa5 29.
Bd6 Rb5) 28... axb4 $2 {"This is just astonishing! Now I am getting big
advantage." (Anand)} (28... Qg6 $5) 29. Qxb4 Qd5 30. Qxb7 h6 ({Anand
speculated that his opponent might have missed that in the forcing line} 30...
Rxa3 31. Rxa3 Qd1+ 32. Kf2 Qc2+ 33. Kg3 Qg6+ {There is no perpetual because of}
34. Kh3 Qh5+ 35. Nh4 g5 36. Qb4 {and White wins.}) 31. Kg1 Ra4 32. h3 {Getting
air for the king. One important observation by the former world champion was
that with the bishop on d6 he is not even afraid of the sacrifices on f3 as
there will be no perpetual thanks to that piece.} Rc4 (32... Re2 {does not
work due to} 33. Bf8 $1) 33. Qb2 Qd3 34. Ra2 $1 {"I realized that the second
rank is more dangerous than the first one." (Anand)} ({Although he also saw a
win after} 34. Qd2 Qxd2 35. Nxd2 Rc2 36. Nf3 Ree2 37. Ne1 Ra2 38. Rxa2 Rxa2 39.
Nd3 {followed by Nd3-b4xc6.}) 34... Qd1+ 35. Kh2 Rc1 36. a4 f5 37. Qb7 {
Caruana's time trouble did not help neither, but his position is lost anyway.}
f4 38. Bxf4 Rxc5 39. Rd2 (39. Qf7 Rg8 40. Qg6 {would have won as well.}) 39...
Qxa4 40. Qf7 Rg8 41. Be5 Qc4 {Missed by Anand who was awaiting resignation.
Now he had to work a bit to find the cute finish.} {Caruana did not wish to
see the mate on the board.} 42. Rd6 $1 (42. Rd6 Qxf7 43. Rxh6#) (42. Bxg7+ $2 {
does not work due to} Rxg7 43. Rd8+ Kh7 44. Ng5+ $4 (44. Qe8 Rg8 {is a draw.})
44... Rcxg5 45. Qxc4 Rxg2+ 46. Kh1 Rg1+ 47. Kh2 R7g2#) (42. Qe7 {also
complicates matters after} Rd5) 1-0

[Event "80th Tata Steel GpA"]
[Site "Wijk aan Zee NED"]
[Date "2018.01.16"]
[Round "4.1"]
[White "Giri, Anish"]
[Black "Carlsen, Magnus"]
[Result "1/2-1/2"]
[WhiteElo "2752"]
[BlackElo "2834"]
[PlyCount "61"]
[EventDate "2018.01.13"]

1. e4 e6 2. d4 d5 3. Nc3 Bb4 4. e5 Ne7 5. a3 Bxc3+ 6. bxc3 c5 7. Qg4 cxd4 8.
Qxg7 Rg8 9. Qxh7 Qc7 10. Ne2 Nbc6 11. f4 dxc3 12. Nxc3 (12. h4 Bd7 13. h5 O-O-O
14. Qd3 d4 15. h6 Be8 16. Rb1 Nd5 17. Nxd4 Nxf4 18. Bxf4 Rxd4 19. Qe3 f5 20.
Bd3 Ra4 21. Rh3 {and White won a nice game in Sutovsky,E (2628)-Kovalenko,I 
(2684) Gibraltar 2017}) 12... Nd4 13. Bb2 Bd7 14. O-O-O Qb6 15. Qd3 Ndf5 16.
Rd2 $146 (16. Nb5 Rc8 17. g3 a6 18. Nd4 Ba4 19. Rd2 Rc4 20. Bg2 Nxd4 21. Bxd4
Qb5 22. Bf1 Qc6 {Svidler,P (2747)-Vitiugov,N (2712) Paris/St Petersburg 2013})
16... Rc8 17. g3 Ne3 18. Ne4 $1 Rxc2+ $1 19. Rxc2 dxe4 20. Qxe4 Nxc2 21. Qxc2
Bc6 22. Bg2 Bxg2 23. Qxg2 Nd5 24. Kb1 Nc3+ 25. Ka1 Qb3 26. Bxc3 Qxa3+ 27. Kb1
Qxc3 28. Rc1 Qb4+ 29. Qb2 Qe4+ 30. Qc2 Qb4+ 31. Qb2 (31. Ka2 Kf8 32. Qc5+ Qxc5
33. Rxc5 Kg7 34. Rc7 Rb8) 1/2-1/2

[Event "80th Tata Steel GpA"]
[Site "Wijk aan Zee NED"]
[Date "2018.01.16"]
[Round "4.3"]
[White "Kramnik, Vladimir"]
[Black "Svidler, Peter"]
[Result "1-0"]
[WhiteElo "2787"]
[BlackElo "2768"]
[Annotator "Bojkov, Dejan"]
[PlyCount "47"]
[EventDate "2018.01.13"]

1. Nf3 Nf6 2. g3 d5 3. Bg2 g6 4. O-O Bg7 5. d4 O-O 6. c4 c6 7. Ne5 Be6 8. cxd5
Bxd5 9. Nc3 {"Kind of new and I got a certain advantage." (Kramnik)} Bxg2 10.
Kxg2 Nbd7 ({The other way to play it is} 10... Na6 11. Nf3 c5 12. d5 b5 13. e4
b4 14. Ne2 c4 (14... Nxe4 $2 15. Qd3) 15. Qd4 Qb6 16. Qxc4 Rfc8 {with some
compensation for the pawn in Wen,Y (2611)-Xu,M (2305) Wuxi 2016}) 11. Qb3 Qb6
12. Rd1 $146 {A logical novelty. In these positions both sides prefer that the
opponent trades the queen himself.} ({Weaker was} 12. Qxb6 Nxb6 (12... axb6 $1)
13. Bg5 h6 14. Bxf6 Bxf6 15. Nf3 Rfd8 16. e3 {½-½ Denes,J (1912)-Znuderl,M
Durham 2007}) 12... Qxb3 13. axb3 {"The endgame is unpleasant for Black." 
(Kramnik) These slight endgame advantages are Kramnik's bread and butter. Add
to this the fact that lately Svidler hasn't been the patient defender that he
was in the past, and you can call the opening a huge success for the 14th
world champion.} Rfc8 ({It is not easy to liberate Black's position. For
example:} 13... c5 14. Nxd7 Nxd7 15. dxc5 Nxc5 16. Be3 Rfc8 17. b4 Ne6 18. Rd7
{leads to large advantage for White.}) 14. f4 c5 {Svidler decided to "free
himself tactically." (Kramnik)} ({More patient ways were also there, for
example} 14... Nb8 {to bring the knight to b4, but White stays better after}
15. e4 Na6 16. Ra4) ({Or} 14... Nb6 15. e4 {with advantage for White as well.})
15. Be3 cxd4 16. Rxd4 ({Significantly better than} 16. Bxd4 Nxe5 17. Bxe5 Ng4
$1) 16... Nxe5 17. fxe5 {White's pawn structure has been shattered, but piece
activity is a priority in this endgame.} Ne8 18. Rd7 {The critical moment of
the game.} Rc7 $2 {Svidler blunders.} ({Correct was} 18... Bxe5 $1 19. Rxe7
Bxc3 20. bxc3 Rxc3 21. Rxa7 {when the nice tactics} Rxe3 $1 22. Rxe3 Rxa7 23.
Rxe8+ Kg7 24. Re7 {leads to an endgame which albeit unpleasant should be
holdable for Black, even if he loses the b-pawn.}) ({Less convincing is} 18...
Kf8 19. Rxb7 Bxe5 20. Raxa7 Rxa7 21. Bxa7 Bxc3 22. bxc3 Rxc3 23. b4 {when
White preserves serious winning chances.}) 19. Rxa7 $1 {Svidler actually saw
this, but missed an important detail in his preliminary calculations.} Rb8 ({
Svidler thought that he was save after} 19... Rxa7 20. Rd8 Kf8 ({But not} 20...
Ra6 21. Rxe8+ Bf8 22. Bh6 {with inevitable mate.}) 21. Bxa7 Bxe5 {when
suddenly the truth dawned on him:} 22. Bb8 $1 Rc5 23. b4 $1 {and White wins
material, e.g.} Bc7 24. Rc8 Rc4 25. b5 $1 ({Less convincing is} 25. Nd5 Bxg3
26. Rxc4 Bxb8) 25... b6 ({Here} 25... Bxg3 26. Rxc4 Bxb8 27. Rc8 {leaves Black
no chances.}) 26. Nd5 {and the bishop will be lost on the pin.}) 20. Rd5 {
Kramnik not only won a pawn, but kept all his pieces dominating. More material
gains will follow inevitably.} b6 ({The last chance was the endgame after} 
20... e6 21. Rb5 b6 22. Rxb6 Rxb6 23. Rxc7 Nxc7 24. Bxb6 Bxe5) 21. Nb5 Rxa7 ({
The active} 21... Rc2 {will be strongly met with} 22. Nd4 Rxb2 23. Nc6 {
suddenly trapping the rook!}) 22. Nxa7 Kf8 ({Or} 22... e6 23. Rd7) 23. Rd7 Ra8
(23... Bxe5 $2 24. Nc6) 24. Bd4 {Nothing can be done, White will gradually
improve everything that he has before capturing the b6 pawn.} 1-0